000 01299nam a2200337Ia 4500
001 Z_7102
003 CHAP
005 20221027150305.0
008 220113s2018 xx 000 0 und d
010 _a170375
040 _cCHAP
090 _aTesis H477 2657
100 _aHernández Hernández, Roberto Carlos
_9135693
245 _aSemilla de lupino (lupinus angustifolius L.) descascarada con enzimas como fuente de proteína en dietas para pollos de engorda y su efecto de indicadores de bienestar animal /
_cRoberto Carlos Hernández Hernández
260 _aMéxico :
_bEl autor,
_c2018
300 _a40 p
502 _aTesis (Ingeniero Agrónomo Especialista en Zootecnia) -- UACh, 2018 \ Dirección: Arturo Pro Martínez; asesoría: Fredy Mera Zuñiga y Eliseo Sosa Montes
650 _aBienestar animal
_912634
650 _aEnzimas
_937195
650 _aPollos de engorda
_9145149
650 _aSemilla de lupino descascarada
_9146771
700 _a Mera Zuñiga, Fredy, asesor
_9146772
700 _a Sosa Montes, Eliseo, asesor
_9143193
700 _aPro Martínez, Arturo, director
_9137538
856 4 2 _uhttp://10.13.5.2/tesis/sist115435.pdf
_yDescargar PDF
901 _aTESIS H477 2657
902 _aM
910 _a2018
942 _c2
_2ddc
942 _c2
_2ddc
999 _c170375
_d170375